Études Bakongo: sociologie - religion et magie

Saved in:  
Bibliographic Details
Main Author: Wing, Joseph van 1884-1970 (Author)
Contributors: Van Wing, Jozef H. L. (Other)
Format: Print Book
Language:French
Subito Delivery Service: Order now.
Check availability: HBZ Gateway
WorldCat: WorldCat
Interlibrary Loan:Interlibrary Loan for the Fachinformationsdienste (Specialized Information Services in Germany)
Published: [Bruxelles] Desclée de Brouwer 1959
In: Museum Lessianum / Section missiologique (39)
Year: 1959
Edition:2. éd.
Series/Journal:Museum Lessianum Section missiologique 39
Standardized Subjects / Keyword chains:B Theology
Further subjects:B Ethnology Congo (Democratic Republic)
B Kongo (African people) Religion
B Introduction
B Magic Congo (Democratic Republic)

MARC

LEADER 00000cam a2200000 c 4500
001 1185258116
003 DE-627
005 20251225182651.0
007 tu
008 050110s1959 be ||||| 00| ||fre c
035 |a (DE-627)1185258116 
035 |a (DE-576)115258116 
035 |a (DE-599)BSZ115258116 
035 |a (OCoLC)249946081 
035 |a (OCoLC)03123209 
035 |a (AT-OBV)AC05358160 
040 |a DE-627  |b ger  |c DE-627  |e rakwb 
041 |a fre 
044 |c XA-BE 
050 0 |a GN654 
082 0 |a 572.967 
082 0 |a 967.301 
084 |a 1  |2 ssgn 
084 |a 11.00  |2 bkl 
100 1 |0 (DE-588)1146611021  |0 (DE-627)1005884404  |0 (DE-576)188685782  |4 aut  |a Wing, Joseph van  |d 1884-1970 
109 |a Wing, Joseph van 1884-1970 
245 1 0 |a Études Bakongo  |b sociologie - religion et magie  |c par J. van Wing 
250 |a 2. éd. 
264 1 |a [Bruxelles]  |b Desclée de Brouwer  |c 1959 
300 |a 512 S.  |b Kt. 
336 |a Text  |b txt  |2 rdacontent 
337 |a ohne Hilfsmittel zu benutzen  |b n  |2 rdamedia 
338 |a Band  |b nc  |2 rdacarrier 
490 1 |a Museum Lessianum  |a Section missiologique  |v 39 
583 1 |a Archivierung prüfen  |c 20200919  |f DE-640  |z 2  |2 pdager 
583 1 |a Massenentsäuert  |c 2018  |k DE-18  |2 pdager  |5 DE-H16 
583 1 |a Archivierung/Langzeitarchivierung gewährleistet  |f SSG  |x XA-DE-BW  |2 pdager  |5 DE-21 
583 1 |a Archivierung prüfen  |c 20240324  |f DE-4165  |z 1  |2 pdager 
601 |a Religion 
650 0 |a Ethnology  |x Congo (Democratic Republic) 
650 0 |a Kongo (African people)  |x Religion 
650 0 |a Magic  |x Congo (Democratic Republic) 
655 7 |a Einführung  |0 (DE-588)4151278-9  |0 (DE-627)104450460  |0 (DE-576)209786884  |2 gnd-content 
689 0 0 |d s  |0 (DE-588)4059758-1  |0 (DE-627)104131446  |0 (DE-576)209132159  |2 gnd  |a Theologie 
689 0 |5 (DE-627) 
700 1 |0 (DE-588)137426127  |0 (DE-627)592625591  |0 (DE-576)303556048  |4 oth  |a Van Wing, Jozef H. L. 
810 2 |a Museum Lessianum  |t Museum Lessianum / Section missiologique  |v 39  |9 39  |w (DE-627)129992380  |w (DE-576)053420225  |w (DE-600)415261-X  |7 am 
889 |w (DE-627)409402419 
935 |i mdedup 
936 b k |a 11.00  |j Theologie  |j Religionswissenschaft: Allgemeines  |q ARK  |0 (DE-627)106415271 
951 |a BO 
ELC |b 1 
ITA |a 1  |t 1 
LOK |0 000 xxxxxcx a22 zn 4500 
LOK |0 001 2758832216 
LOK |0 003 DE-627 
LOK |0 004 1185258116 
LOK |0 005 20130709102046 
LOK |0 008 130709||||||||||||||||ger||||||| 
LOK |0 040   |a DE-21  |c DE-627  |d DE-21 
LOK |0 852   |a DE-21 
LOK |0 852 1  |c Gd 760;4-39  |9 00 
LOK |0 935   |a dika  |a theo 
LOK |0 939   |a 09-07-13  |b l01 
ORI |a SA-MARC-ixtheoa001.raw 
REL |a 1 
STA 0 0 |a Theology,Theology 
STB 0 0 |a Théologie,Théologie 
STC 0 0 |a Teología,Teología 
STD 0 0 |a Teologia,Teologia 
STE 0 0 |a 神学家 
STF 0 0 |a 神學家 
STG 0 0 |a Teologia,Teologia 
STH 0 0 |a Богословие (мотив),Богословие 
STI 0 0 |a Θεολογία (μοτίβο),Θεολογία 
SUB |a REL 
SYG 0 0 |a Christliche Theologie